000 00589nam a22001817a 4500
005 20251108172208.0
008 250721s1991 xx 000 0 ara d
082 1 4 _a634.8/محم
100 1 _aخليف، محمد نظيف حجاج
245 1 0 _aالعنب :
_bزراعته - رعايته و إنتاجه /
264 1 _aالإسكندرية :
_bمنشأة المعارف،
_c1991.
300 _a456ص
650 1 7 _aالعنب
700 1 _aإبراهيم، عاطف محمد
700 1 _aعثمان، عبد الفتاح عبد الحكيم
942 _2ddc
_cBK
999 _c72844
_d72844